| 000 | 00890nam a22002297a 4500 | ||
|---|---|---|---|
| 999 |
_c63442 _d63442 |
||
| 005 | 20240530110641.0 | ||
| 008 | 171016s2016 ua g 000 0 ara d | ||
| 017 |
_a2015/20183 _bمصر. دار الكتب |
||
| 020 | _a9789777353441 | ||
| 040 |
_aEG-CaGPL _cEG-CaGPL |
||
| 082 | 0 | 4 |
_221 _a174.2\ _bهـ م |
| 100 | 1 | _aهير ، ر. م. | |
| 245 | 1 | 2 |
_aمقالات فى الاخلاق البيولوجية / _cتاليف ر. م. هير ؛ ترجمة نجاح موسى ، محمد مجدى الجزيرى . |
| 250 | _aط.1 | ||
| 260 |
_aالاسكندرية : _bدار الوفاء لدنيا الطباعة و النشر ، _c2016 . |
||
| 300 |
_a407 ص ؛ _c24 سم |
||
| 650 | 0 | 7 |
_2qrmak _aالاخلاق |
| 700 | 0 |
_aنجاح موسى _eمترجم |
|
| 700 | 0 |
_aمحمد مجدى الجزيرى _eمترجم |
|
| 942 |
_2ddc _cBK |
||